000 00538nam a22001697i 4500
020 _a9711130823
050 1 4 _aBJ 1188
_bR456
100 _aReyes, Ramon Castillo
245 _aGround and norm of morality
_bethics for college students
_cRamon Castillo Reyes
264 1 _aManila:
_bAteneo de Manila University Press,
_c1989.
300 _axi, 164 pages;
_c22 cm.
336 _atext
_btxt
_2rdacontent
337 _aunmediated
_bn
_2rdamedia
338 _avolume
_bnc
_2rdacarrier
650 _a1.Ethics (Moral philosophy). I.Title.
942 _cF
999 _c4008
_d4008